000
00358nam a2200133Ia 4500
008
100328s9999 xx 000 0 und d
082
_b
50452
100
_a
सुमंगल
245
_a
कालनिर्णय.
260
_b
सुमंगल
630
_a
कालनिर्णय.
730
_a
कालनिर्णय.
942
_c
BOOK
999
_c
537585
_d
537582